MDQL
is popping MORE tags! Check the
thread
!
Quizzes
Events
Quiz Creation
Community
Videos
Private Events
Remove Ads
Sign In
Join for FREE
Feedback
Dark Mode
Quiz Categories
Sports
Geography
Music
Movies
Television
Just For Fun
Miscellaneous
History
Literature
Language
Science
Gaming
Entertainment
Religion
Holiday
For Kids
Quiz Lab
Recent
Popular Today
Quiz Kudos Today
Editor Picks
Curator Picks
Quizzes by...
Day
Popularity
Type
Ratings
Length
Year
Community
Subscriptions
Recent Discussions
Orange Saloon
Badges
Playlists
Quests
Create
Leaderboards
Showdown
Live 5
Trivia Bingo
Activity
Puzzle Library
Sporcle Events
Private Events
Virtual Trivia
Globe League
Become a Host
Pub Owners
SporcleCon
Opinionation
Our Games
Videos
Blog
Mobile Apps
Partnerships
Remove Ads and Go Orange
Feedback
Literature
Harry Potter
A Song of Ice and Fire
The Hunger Games
Literary Character
Shakespeare
Book
Author
Novel
Poem
Young Adult
Children's Books
Play
Lord of the Rings
Literature
Harry Potter
A Song of Ice and Fire
The Hunger Games
Literary Character
Shakespeare
Book
Author
Novel
Poem
Young Adult
Children's Books
Play
Lord of the Rings
Random Quiz
Search Sporcle
×
Quiz Lab
Quiz Lab
Literature
Harry Potter
Type in answers that appear in a list
Type in answers that appear in a list
Classic
Best Score? Go Orange.
Harry Potter Name Chain Stats
Can you name the Harry Potter Name Chain
By
flangben
5m
33 Questions
527 Plays
527 Plays
527 Plays
Comments
Comments
Give Quiz Kudos
Give Quiz Kudos
-
- Ratings
hide this ad
No Skip
Answers have to be entered in order without skipping
Answers have to be entered in order without skipping
Replay
Link that replays current quiz
Next Quiz
Link to next quiz in quiz playlist
You Got
0%
They Got
Avg Score
29%
Avg Friend Score
Upgrade to see
Score Distribution
Jump to the score distribution portion of the page
Score
0/33
Timer
05:00
0
Plays Today
Hint
Answer
% Correct
?
???
100%
?
???
98.5%
?
???
92.6%
?
???
91.8%
?
???
68.1%
?
???
65.7%
?
???
48%
?
???
48%
?
???
32.3%
?
???
31.5%
?
???
30.4%
?
???
30.4%
?
???
21.4%
?
???
20.9%
?
???
20.9%
?
???
19.9%
?
???
19.5%
Hint
Answer
% Correct
?
???
18.6%
?
???
15.2%
?
???
13.7%
?
???
13.7%
?
???
12.3%
?
???
9.7%
?
???
8.9%
?
???
8%
?
???
8%
?
???
5.3%
?
???
5.3%
?
???
5.1%
?
???
4.7%
?
???
4.7%
?
???
3.6%
?
???
3.6%
Quiz Playlist
Details
Report
Send in Message
Add To Playlist
Classic:
Type in answers that appear in a list
No Skip:
Answers have to be entered in order without skipping
Last Updated: Feb 16, 2017
Quiz Scoreboard
CHALLENGE
Sign Up to Join the Scoreboard
Show All
Scores
Hide
Comments
May contain spoilers
Recently Published
Two Season TV Shows II
by 123Four
Television
10m
Image Sorting: Flags VI
by Barbecue
Geography
2m
Find the 'City' Movie
by crazypaving
Movies
60s
More to Explore
Quiz From the Vault
Featured Blog Post
14 Easter Pick-up Lines to Find Eggs With
hide this ad
You Might Also Like...
Tags
Harry Potter Quiz
Name Chain
Today's Top Quizzes in Literature
Browse Literature
hide this ad
Today's Top Quizzes in Harry Potter
Browse Harry Potter
Top Contributed Quizzes in Literature
1
Sneaky Slytherin Logic Puzzle
2
Criteria Quiz: Harry Potter Deaths
3
Harry Potter logic puzzle: The Hogwarts Soap Opera
4
Weasley Family Reunion: Logic Puzzle
5
Get The Picture: Black or White Literature
6
'Middle' Earth
7
Harry Potter Slytherin Logic Puzzle
8
Logic Puzzle: Avoid Dumbledore's Army
9
ASOIAF Siblings Logic Puzzle
10
The Men of ASOIAF - Logic Puzzle (Hard)
Explore More
Trending Topics
Marvel
Anime
Kpop
Harry Potter
NBA
Crossword
Disney
The Office
Song
Pokémon
Country
Soccer
WWE
NFL
Puzzle
hide this ad
More By:
flangben
Quiz
Plays
Rating
Category
Featured
Created
Harry Potter Name Chain
527
1.00
Literature
Aug 6, 2014
Can you name the Harry Potter characters
105
1.67
Literature
Aug 7, 2014
Harry Potter Trivia
102
1.25
Literature
Aug 7, 2014
Go to Creator's Profile
Score Distribution
Quiz Creator Spotlight
flangben
Follow
Send a Message
Quizzes Created
-
Created Quiz Play Count
-
More By This Creator
Popular Quizzes Today
1
Find the US States - No Outlines Minefield
2
Colored Red Africa Blitz
3
Find the 'City' Movie
4
5x2 Blitz: Bands
5
The Countries of the World
6
Find the Countries of Europe - No Outlines Minefield
7
Find the US States
8
US States
More Literature Quizzes
5-Star Literary Animals II
Published
Trending Quizzes
Colored Red Europe Blitz I
Colored Red Africa Blitz II
Colored Red Europe Blitz II
Colored Red Europe Blitz III
Colored Red Africa Blitz III
Recently Updated
How Do You Spell That?
pecheneg
Godzilla Movies
pecheneg
Grab Bag: 4-10 Letters
pecheneg
2024 March Madness Bracket
pecheneg
Famous TV Couples
Peacemaker
Champions League XIs: Real Madrid
pecheneg
Largest US Cities 1790-2010
pecheneg
Rides in Walt Disney World
pecheneg
Most Oscar Losses (Acting)
pecheneg
Beyoncé Albums
pecheneg
Trending Topics
Kpop
Anime
Harry Potter
Disney
Crossword
Marvel
NBA
Song
The Office
Country
WWE
NFL
Soccer
Puzzle
Pokémon
Your Account Isn't Verified!
In order to create a playlist on Sporcle, you need to verify the email address you used during registration. Go to your
Sporcle Settings
to finish the process.
Report this User
Report this user for behavior that violates our
Community Guidelines
.
Details:
Send Report
Go to the Sporcle.com Mobile Site →
Comments